115 Best Italian Singers/Bands of all time - Statistics

General Stats
  • This quiz has been taken 196 times
  • The average score is 28 of 115
Answer Stats
Answer % Correct
Laura Pausini
66%
Mina
66%
Vasco Rossi
65%
Adriano Celentano
64%
Fabrizio De Andrè
64%
Giorgia
64%
Luciano Ligabue
61%
Gianni Morandi
59%
Lucio Dalla
59%
Elisa
57%
Loredana Bertè
57%
Pooh
54%
Zucchero Fornaciari
54%
Domenico Modugno
53%
Eros Ramazzotti
52%
Lucio Battisti
51%
Franco Battiato
50%
Jovanotti
49%
Francesco De Gregori
48%
Claudio Baglioni
47%
Antonello Venditti
46%
Andrea Bocelli
45%
Tiziano Ferro
45%
Luciano Pavarotti
43%
Massimo Ranieri
43%
Mia Martini
43%
883
41%
Gianna Nannini
41%
Orietta Berti
41%
Negramaro
39%
Renato Zero
39%
Fiorella Mannoia
38%
Cesare Cremonini
37%
Francesco Guccini
37%
Roberto Vecchioni
36%
Edoardo Bennato
34%
Patty Pravo
34%
Rino Gaetano
34%
Umberto Tozzi
34%
Pino Daniele
33%
Riccardo Cocciante
30%
Anna Oxa
29%
Gino Paoli
29%
Litfiba
29%
Nomadi
29%
Claudio Villa
28%
Caparezza
24%
Enrico Ruggeri
24%
Marco Masini
23%
Lunapop
22%
Alice
21%
Luigi Tenco
21%
Nada
21%
Nilla Pizzi
21%
Elio e le Storie Tese
19%
Ivano Fossati
19%
Ron
19%
Stadio
19%
Bobby Solo
18%
Giorgio Gaber
18%
Samuele Bersani
17%
Negrita
16%
Paolo Conte
16%
Afterhours
15%
Bluvertigo
14%
Daniele Silvestri
14%
Eiffel 65
14%
Malyka Ayane
14%
Subsonica
14%
Angelo Branduardi
13%
Ivan Graziani
13%
Luca Carboni
13%
Enzo Jannacci
12%
Tiromancino
12%
Carmen Consoli
11%
Le Vibrazioni
11%
Premiata Forneria Marconi
11%
Alan Sorrenti
10%
Modena City Ramblers
10%
99 Posse
9%
Tony Renis
9%
Vinicio Capossela
9%
Area
8%
Baustelle
8%
Brunori SAS
8%
CCCP
8%
Pierangelo Bertoli
8%
Renato Carosone
8%
Equipe 84
6%
Eugenio Finardi
6%
Fred Buscaglione
6%
Jimmy Fontana
6%
Marlene Kuntz
6%
Prozac+
6%
Sergio Endrigo
6%
Timoria
6%
Verdena
6%
Bruno Lauzi
5%
Tre Allegri Ragazzi Morti
5%
Bandabardò
4%
Motta
4%
Teddy Reno
4%
Consorzio Suonatori Indipendenti
3%
Claudio Lolli
2%
Le Orme
2%
Linea 77
2%
Achille Togliani
1%
Apres la Classe
1%
I Corvi
1%
Le Luci della Centrale Elettrica
1%
Marco Ferradini
1%
Nicola da Bari
1%
Piero Ciampi
1%
Skiantos
1%
Garbo
0%
No matching quizzes found
Score Distribution
Percent of People with Each Score
Percentile by Number Answered
Your Score History
You have not taken this quiz